000 00739nam a2200217Ia 4500
003 GCL
005 20240530103122.0
008 140319s9999 xx 000 0 ara d
040 _aGCL /
_cGCL
082 0 4 _a340
_bم م
100 1 _aمعوض عبدالتواب
245 1 0 _aالمرجع فى صيغ الدعاوى والاوراق القضائية /
_cمعوض عبدالتواب
260 _a[S.N] :
_bدار الفكر العربى ،
_c1988
300 _a2 مجلد
650 0 4 _aالقانون
650 0 4 _aقانون المرافعات
650 0 4 _aقانون الاجراءات الجنائية
650 0 4 _aقانون الاجراءات المدنية
650 0 4 _aالقانون التجارى
942 _2ddc
_cBK
999 _c36961
_d36961